[Event "AUT_chT"]
[Site "2005/2006"]
[Date "2006.03.23"]
[Round "8"]
[White "Radnetter, Georg"]
[Black "Schweda, Roland"]
[Result "0-1"]
[WhiteElo "1949"]
[BlackElo "2416"]
[PlyCount "74"]
[EventDate "2005.10.??"]
[EventType "team"]
[EventRounds "11"]
[EventCountry "AUT"]
[WhiteTeam "Admiral Fuerstenfeld"]
[BlackTeam "Wulkaprodersdorf"]
[WhiteTeamCountry "AUT"]
[BlackTeamCountry "AUT"]

1. e4 c5 2. Nf3 a6 3. Nc3 b5 4. d4 e6 5. Be3 cxd4 6. Nxd4 Bb7 7. Bd3 d6 8. O-O
Nf6 9. f3 Nbd7 10. Qe1 Be7 11. a4 bxa4 12. Rxa4 O-O 13. Nb3 Ne5 14. Na5 Nxd3
15. cxd3 Qd7 16. Nc4 Bd8 17. Qf2 Rc8 18. Raa1 d5 19. Nb6 Bxb6 20. Bxb6 e5 21.
d4 dxe4 22. dxe5 Nd5 23. Nxe4 Nxb6 24. Qxb6 Bxe4 25. fxe4 Rc6 26. Qf2 Re6 27.
Rfd1 Qe7 28. Qe2 Rxe5 29. Qxa6 Rxe4 30. Qa3 Qe6 31. Qc3 Re8 32. h3 g6 33. Rd2
h5 34. Rad1 Qb6+ 35. Kh1 Re1+ 36. Rxe1 Rxe1+ 37. Kh2 Qg1+ 0-1

[Event "AUT_chT"]
[Site "2005/2006"]
[Date "2006.03.23"]
[Round "8"]
[White "Horvath, Csaba"]
[Black "Dobosz, Henryk"]
[Result "1-0"]
[WhiteElo "2545"]
[BlackElo "2433"]
[PlyCount "59"]
[EventDate "2005.10.??"]
[EventType "team"]
[EventRounds "11"]
[EventCountry "AUT"]
[WhiteTeam "Die Klagenfurter"]
[BlackTeam "Sparkasse Goetzis"]
[WhiteTeamCountry "AUT"]
[BlackTeamCountry "AUT"]

1. d4 Nf6 2. c4 c5 3. d5 e6 4. Nc3 exd5 5. cxd5 d6 6. e4 g6 7. Bd3 Bg7 8. h3
O-O 9. Nf3 b5 10. Bxb5 Nxe4 11. Nxe4 Qa5+ 12. Nfd2 Qxb5 13. Nxd6 Qa6 14. N2c4
Nd7 15. O-O Nb6 16. Nxb6 Qxb6 17. Nxc8 Raxc8 18. Re1 Bd4 19. Qf3 Rfd8 20. Bg5
Rd7 21. Re7 Rxe7 22. Bxe7 Qxb2 23. Re1 Qb7 24. d6 Rb8 25. Qf4 Qd7 26. Bh4 Rf8
27. Re7 Qa4 28. d7 Qd1+ 29. Kh2 Bc3 30. Qc7 1-0

[Event "AUT_chT"]
[Site "2005/2006"]
[Date "2006.03.23"]
[Round "8"]
[White "Eisenbeiser, Amadeus"]
[Black "Pilaj, Herwig"]
[Result "1/2-1/2"]
[WhiteElo "2373"]
[BlackElo "2403"]
[PlyCount "84"]
[EventDate "2005.10.??"]
[EventType "team"]
[EventRounds "11"]
[EventCountry "AUT"]
[WhiteTeam "Sparkasse Goetzis"]
[BlackTeam "Die Klagenfurter"]
[WhiteTeamCountry "AUT"]
[BlackTeamCountry "AUT"]

1. e4 c5 2. c4 Nc6 3. Ne2 e5 4. Nbc3 d6 5. d3 Nge7 6. a3 g6 7. g3 Bg7 8. Bg2 h5
9. Rb1 h4 10. b4 h3 11. Bf3 Nd4 12. Nxd4 cxd4 13. Ne2 a5 14. b5 Ng8 15. O-O Qc7
16. Bd2 b6 17. Nc1 Bh6 18. Bxh6 Nxh6 19. Nb3 Ra7 20. Be2 g5 21. Rb2 f6 22. Bf3
Qe7 23. Re1 Be6 24. Rc2 Kd8 25. Qa1 Nf7 26. Bh1 Kc7 27. Rec1 Kb8 28. Qb2 Rb7
29. Re1 Bg4 30. Rec1 Nd8 31. Rd2 Ne6 32. Rb1 Qd8 33. Qc1 Nc5 34. Nxc5 dxc5 35.
Kf1 Qe8 36. f3 Be6 37. g4 Rh4 38. Rf2 Qc8 39. Ke2 Kc7 40. Qd2 Kd6 41. Rg1 Qg8
42. Qc1 Ra7 1/2-1/2

[Event "AUT_chT"]
[Site "2005/2006"]
[Date "2006.03.23"]
[Round "8"]
[White "Horvath, Jozsef"]
[Black "Hengl, Christian"]
[Result "1-0"]
[WhiteElo "2525"]
[BlackElo "2232"]
[PlyCount "139"]
[EventDate "2005.10.??"]
[EventType "team"]
[EventRounds "11"]
[EventCountry "AUT"]
[WhiteTeam "Die Klagenfurter"]
[BlackTeam "Sparkasse Goetzis"]
[WhiteTeamCountry "AUT"]
[BlackTeamCountry "AUT"]

1. d4 d6 2. Nf3 f5 3. g3 Nf6 4. b4 g6 5. Bb2 Bg7 6. c4 c6 7. Nbd2 O-O 8. Bg2 e5
9. dxe5 Ng4 10. Qb3 Nxe5 11. c5+ Kh8 12. cxd6 Nxf3+ 13. Nxf3 Qxd6 14. O-O Qe7
15. e3 Na6 16. b5 Nc5 17. Bxg7+ Qxg7 18. Qc2 Ne4 19. bxc6 bxc6 20. Qxc6 Bb7 21.
Qb5 Rfe8 22. Rac1 Rab8 23. Qa5 Re7 24. Qxa7 Rd8 25. Rfd1 Rxd1+ 26. Rxd1 h6 27.
Qd4 Nf6 28. a4 Kh7 29. a5 g5 30. Qa1 f4 31. exf4 gxf4 32. a6 Be4 33. Rd6 Ne8
34. Qxg7+ Kxg7 35. Rd8 Kf7 36. Ne5+ Rxe5 37. Bxe4 Ra5 38. Bb7 Ke7 39. Rd5 Ra1+
40. Kg2 fxg3 41. hxg3 Nc7 42. Rh5 Nxa6 43. Rxh6 Nc5 44. Bd5 Rd1 45. Bc4 Rc1 46.
Be2 Ne6 47. Bg4 Nd4 48. f4 Rc2+ 49. Kh3 Rc1 50. Rh7+ Kf6 51. Rd7 Nb5 52. Bf3
Rc3 53. Be2 Nc7 54. Kg4 Ke6 55. Rd4 Nd5 56. Bd3 Rc5 57. Kf3 Rc3 58. g4 Rb3 59.
g5 Ra3 60. Kg4 Ne3+ 61. Kh5 Nf5 62. Bxf5+ Kxf5 63. Rd5+ Kxf4 64. Kh6 Rh3+ 65.
Kg7 Rh5 66. Kf6 Ke4 67. Re5+ Kf4 68. Ra5 Ke4 69. Ra4+ Kd5 70. g6 1-0

[Event "AUT_chT"]
[Site "2005/2006"]
[Date "2006.03.23"]
[Round "8"]
[White "Kranz, Armin"]
[Black "Moser, Guenter"]
[Result "0-1"]
[WhiteElo "2182"]
[BlackElo "2359"]
[PlyCount "86"]
[EventDate "2005.10.??"]
[EventType "team"]
[EventRounds "11"]
[EventCountry "AUT"]
[WhiteTeam "Sparkasse Goetzis"]
[BlackTeam "Die Klagenfurter"]
[WhiteTeamCountry "AUT"]
[BlackTeamCountry "AUT"]

1. d4 f5 2. Nf3 Nf6 3. g3 g6 4. Bg2 Bg7 5. c4 O-O 6. Nc3 d6 7. O-O Nc6 8. Re1
Ne4 9. d5 Nxc3 10. bxc3 Na5 11. Qa4 Bxc3 12. Bh6 Rf6 13. Ng5 Bd7 14. Qc2 Bxa1
15. Rxa1 c6 16. e4 cxd5 17. cxd5 Rc8 18. Qe2 Nc4 19. exf5 Bxf5 20. g4 Bd7 21.
Ne6 Qa5 22. Rc1 b5 23. Be4 Qa3 24. Kg2 Bxe6 25. dxe6 Qc5 26. Rd1 Ne5 27. Rc1
Nc4 28. Rd1 Qe5 29. Rd5 Qxe6 30. Rxb5 Nb6 31. Bg5 Rc4 32. f3 Rf7 33. Qd3 Rxe4
34. Qxe4 Qxa2+ 35. Kg3 Qa6 36. Qc6 Kg7 37. Bc1 h6 38. Bb2+ e5 39. Rb3 Qc4 40.
Rxb6 Qf4+ 41. Kg2 axb6 42. Ba3 Qd2+ 43. Kg3 d5 0-1

[Event "AUT_chT"]
[Site "2005/2006"]
[Date "2006.03.23"]
[Round "8"]
[White "Genser, Harald"]
[Black "Scheffknecht, Philipp"]
[Result "1-0"]
[WhiteElo "2336"]
[BlackElo "2197"]
[PlyCount "103"]
[EventDate "2005.10.??"]
[EventType "team"]
[EventRounds "11"]
[EventCountry "AUT"]
[WhiteTeam "Die Klagenfurter"]
[BlackTeam "Sparkasse Goetzis"]
[WhiteTeamCountry "AUT"]
[BlackTeamCountry "AUT"]

1. d4 Nf6 2. c4 e6 3. Nf3 b6 4. g3 Ba6 5. Qa4 Bb7 6. Bg2 c5 7. dxc5 Bxc5 8. O-O
Bc6 9. Qc2 O-O 10. Nc3 Be7 11. Rd1 d6 12. Bf4 Qc7 13. Rac1 Nbd7 14. Nb5 Bxb5
15. cxb5 Qxc2 16. Rxc2 e5 17. Bg5 Rac8 18. Rdc1 Rc5 19. b4 Rxb5 20. Bd2 d5 21.
a4 Rxb4 22. Bxb4 Bxb4 23. Rc7 a5 24. Bh3 Rd8 25. Rc8 Rxc8 26. Rxc8+ Bf8 27.
Bxd7 Nxd7 28. Rd8 Nc5 29. Nxe5 g6 30. Nd7 Nxd7 31. Rxd7 Kg7 32. Rxd5 Kf6 33. e4
Ke6 34. Kf1 f5 35. f3 Bc5 36. Ke2 h5 37. h3 Bg1 38. g4 hxg4 39. hxg4 fxe4 40.
fxe4 Bc5 41. Kd3 Bf2 42. Kc4 Bg1 43. Kb5 Be3 44. Kc6 g5 45. Rb5 Kf6 46. Kd5 Ke7
47. e5 Bf2 48. Rb2 Bg1 49. Rc2 Kd7 50. e6+ Ke7 51. Rc7+ Kd8 52. e7+ 1-0

[Event "AUT_chT"]
[Site "2005/2006"]
[Date "2006.03.23"]
[Round "8"]
[White "Babula, Vlastimil"]
[Black "Stangl, Markus"]
[Result "1/2-1/2"]
[WhiteElo "2585"]
[BlackElo "2469"]
[PlyCount "89"]
[EventDate "2005.10.??"]
[EventType "team"]
[EventRounds "11"]
[EventCountry "AUT"]
[WhiteTeam "Union Ansfelden"]
[BlackTeam "Sparkasse Jenbach"]
[WhiteTeamCountry "AUT"]
[BlackTeamCountry "AUT"]

1. d4 d5 2. c4 c6 3. Nf3 Nf6 4. Nc3 g6 5. cxd5 cxd5 6. Bf4 Nc6 7. e3 Bg7 8. Be2
Nh5 9. Be5 f6 10. Bg3 Nxg3 11. hxg3 O-O 12. Qb3 e6 13. O-O f5 14. Rac1 g5 15.
Na4 Rf7 16. Nc5 Bf6 17. Qc3 Rc7 18. b4 a6 19. Qb2 Qd6 20. Rc2 g4 21. Nd2 h5 22.
Rfc1 h4 23. gxh4 Bxh4 24. Nd3 Bd7 25. a4 Rac8 26. b5 axb5 27. axb5 Na5 28. Ne5
b6 29. f3 gxf3 30. Ndxf3 Bf6 31. Kf2 Be8 32. g4 fxg4 33. Rxc7 Rxc7 34. Rg1 Bh5
35. Nxg4 Bxg4 36. Rxg4+ Rg7 37. Rf4 Qd8 38. Qc2 Nb7 39. Bd3 Nd6 40. Kf1 Bg5 41.
Rg4 Qf6 42. Ke2 Bh6 43. Ne5 Rxg4 44. Nxg4 Qh4 45. Nxh6+ 1/2-1/2

[Event "AUT_chT"]
[Site "2005/2006"]
[Date "2006.03.23"]
[Round "8"]
[White "Weiss, Christian"]
[Black "Schwarz, Michael"]
[Result "1-0"]
[WhiteElo "2437"]
[BlackElo "2398"]
[PlyCount "93"]
[EventDate "2005.10.??"]
[EventType "team"]
[EventRounds "11"]
[EventCountry "AUT"]
[WhiteTeam "Union Ansfelden"]
[BlackTeam "Sparkasse Jenbach"]
[WhiteTeamCountry "AUT"]
[BlackTeamCountry "AUT"]

1. d4 Nf6 2. Nf3 g6 3. g3 d5 4. Bg2 c6 5. O-O Bg7 6. c4 dxc4 7. a4 O-O 8. Na3
Na6 9. Nxc4 Be6 10. b3 Bd5 11. Bb2 c5 12. e3 Rc8 13. Qe2 cxd4 14. exd4 Nb4 15.
Ba3 Nc6 16. Rfd1 Re8 17. Bh3 Rb8 18. Nfe5 Ne4 19. Qe3 f6 20. Nxc6 bxc6 21. Bg2
Ng5 22. f3 Qd7 23. h4 Nf7 24. Rab1 Bh6 25. Qc3 Nd6 26. Bxd6 exd6 27. Re1 f5 28.
f4 Bxg2 29. Kxg2 Bg7 30. Nd2 Kh8 31. Qd3 Qf7 32. Rxe8+ Rxe8 33. Nf3 Rb8 34. Qa6
Qd5 35. Qxa7 Re8 36. Re1 Rxe1 37. Qb8+ Qg8 38. Qxg8+ Kxg8 39. Nxe1 Bxd4 40. a5
Kf7 41. Nf3 Ba7 42. Ng5+ Ke7 43. Nxh7 c5 44. Kf3 d5 45. Ke2 c4 46. bxc4 dxc4
47. a6 1-0

[Event "AUT_chT"]
[Site "2005/2006"]
[Date "2006.03.23"]
[Round "8"]
[White "Hoellrigl, Wilfried"]
[Black "Knoll, Hermann"]
[Result "1-0"]
[WhiteElo "2269"]
[BlackElo "2361"]
[PlyCount "125"]
[EventDate "2005.10.??"]
[EventType "team"]
[EventRounds "11"]
[EventCountry "AUT"]
[WhiteTeam "Sparkasse Jenbach"]
[BlackTeam "Union Ansfelden"]
[WhiteTeamCountry "AUT"]
[BlackTeamCountry "AUT"]

1. e4 c5 2. c3 e6 3. d4 d5 4. e5 Nc6 5. Nf3 Bd7 6. a3 a5 7. Bd3 f5 8. O-O c4 9.
Bc2 b5 10. b3 cxb3 11. Bxb3 a4 12. Bc2 Na5 13. g4 fxg4 14. Ng5 Qe7 15. Nxh7 Qf7
16. Qxg4 Ne7 17. Ng5 Qg8 18. Be3 g6 19. Nd2 Nf5 20. Bxf5 gxf5 21. Qg3 Rc8 22.
Bf4 Be7 23. h4 Qf8 24. Kg2 Rg8 25. Rh1 Bxa3 26. c4 Bb2 27. Rab1 Bxd4 28. cxb5
Rc3 29. Ndf3 Bb6 30. Rhc1 Rc4 31. Nd2 Rxc1 32. Rxc1 Nb7 33. Qf3 Qh6 34. Rh1 Nd8
35. Qa3 Qh5 36. f3 Qh6 37. Qxa4 Qf8 38. Rc1 Qh6 39. Rh1 Nf7 40. Qb4 Bd8 41. Rh3
Qf8 42. Qxf8+ Kxf8 43. Rg3 Nxg5 44. Bxg5 Bb6 45. f4 Kf7 46. h5 Ra8 47. Bf6 Rg8
48. Nf3 Rxg3+ 49. Kxg3 Kg8 50. Ng5 Be8 51. h6 Bg6 52. Nxe6 d4 53. Ng5 d3 54. e6
Bc5 55. Bc3 Kf8 56. h7 Bxh7 57. Nxh7+ Ke7 58. Ng5 Be3 59. Bb4+ Ke8 60. Nh7 d2
61. Nf6+ Kd8 62. e7+ Kc7 63. Bxd2 1-0

[Event "AUT_chT"]
[Site "2005/2006"]
[Date "2006.03.23"]
[Round "8"]
[White "Baklan, Vladimir"]
[Black "Kilgus, Georg"]
[Result "1-0"]
[WhiteElo "2601"]
[BlackElo "2339"]
[PlyCount "109"]
[EventDate "2005.10.??"]
[EventType "team"]
[EventRounds "11"]
[EventCountry "AUT"]
[WhiteTeam "Holz Dohr - Semriach"]
[BlackTeam "Tschaturanga Neubau"]
[WhiteTeamCountry "AUT"]
[BlackTeamCountry "AUT"]

1. e4 c5 2. Nf3 d6 3. Bb5+ Nd7 4. O-O Ngf6 5. d4 a6 6. Bxd7+ Nxd7 7. Bg5 h6 8.
Bh4 g5 9. Bg3 Bg7 10. c3 O-O 11. Nbd2 b5 12. Qe2 Qb6 13. dxc5 dxc5 14. Rfd1 Qe6
15. h4 g4 16. Ne1 c4 17. Nc2 Nc5 18. Nd4 Qg6 19. Qe3 Nd3 20. b3 e5 21. Nc2 cxb3
22. axb3 Nf4 23. Rac1 Qh5 24. Bxf4 exf4 25. Qxf4 Be5 26. Qe3 Qxh4 27. Nf1 f5
28. exf5 Rxf5 29. Ng3 Bb7 30. Rd7 Bc6 31. Rg7+ Bxg7 32. Nxf5 Qf6 33. Ncd4 Re8
34. Qf4 Re4 35. Qd6 Ba8 36. Qd7 Bf8 37. Ng3 Rf4 38. Qc8 Bxg2 39. Kxg2 Rxf2+ 40.
Kg1 Qf4 41. Ndf5 Qf3 42. Qe6+ Kh8 43. Qe5+ Kh7 44. Nh4 Qf4 45. Qxf4 Rxf4 46.
Rd1 Rf7 47. Rd5 Rc7 48. Ne4 Bg7 49. Nf5 Bxc3 50. Rd6 a5 51. Rxh6+ Kg8 52. Rg6+
Kh7 53. Rb6 a4 54. Ng5+ Kh8 55. Rb8+ 1-0

[Event "AUT_chT"]
[Site "2005/2006"]
[Date "2006.03.23"]
[Round "8"]
[White "Kosten, Anthony C"]
[Black "Wukits, Rene"]
[Result "1-0"]
[WhiteElo "2501"]
[BlackElo "2321"]
[PlyCount "49"]
[EventDate "2005.10.??"]
[EventType "team"]
[EventRounds "11"]
[EventCountry "AUT"]
[WhiteTeam "Holz Dohr - Semriach"]
[BlackTeam "Tschaturanga Neubau"]
[WhiteTeamCountry "AUT"]
[BlackTeamCountry "AUT"]

1. c4 e6 2. Nf3 Nf6 3. g3 b6 4. Bg2 Bb7 5. O-O c5 6. b3 a6 7. Bb2 Be7 8. e3 O-O
9. Qe2 d6 10. Nc3 Nbd7 11. Rfd1 Re8 12. d4 Qc7 13. Rac1 Rac8 14. d5 exd5 15.
Nxd5 Nxd5 16. cxd5 Qd8 17. a3 Bf6 18. b4 Rc7 19. bxc5 bxc5 20. Bxf6 Nxf6 21.
Nd2 a5 22. Qb5 Qe7 23. Nc4 Ra8 24. Nxa5 Ba6 25. Qb6 1-0

[Event "AUT_chT"]
[Site "2005/2006"]
[Date "2006.03.23"]
[Round "8"]
[White "Kleiser, Gregor"]
[Black "Freitag, Manfred"]
[Result "0-1"]
[WhiteElo "2263"]
[BlackElo "2419"]
[PlyCount "134"]
[EventDate "2005.10.??"]
[EventType "team"]
[EventRounds "11"]
[EventCountry "AUT"]
[WhiteTeam "Tschaturanga Neubau"]
[BlackTeam "Holz Dohr - Semriach"]
[WhiteTeamCountry "AUT"]
[BlackTeamCountry "AUT"]

1. e4 c5 2. Nf3 d6 3. d4 cxd4 4. Nxd4 Nf6 5. Nc3 a6 6. Bg5 e6 7. Qe2 Be7 8. f4
h6 9. Bh4 Nxe4 10. Bxe7 Nxc3 11. Qc4 Kxe7 12. Qxc3 Bd7 13. O-O-O Qb6 14. Nf3
Nc6 15. Kb1 Qb4 16. Qd3 d5 17. Qe3 Rhd8 18. f5 Kf8 19. f6 gxf6 20. Qxh6+ Ke7
21. a3 Qd6 22. Bd3 Rh8 23. Qe3 Rag8 24. Rhe1 Kd8 25. Bf1 e5 26. Qb6+ Qc7 27.
Qxc7+ Kxc7 28. Rxd5 Bg4 29. Rd3 e4 30. Rxe4 Bf5 31. Rf4 Bxd3 32. cxd3 Rh6 33.
d4 Ne7 34. g3 Nd5 35. Re4 b5 36. Bg2 Rd8 37. Nh4 Rhh8 38. h3 Rd6 39. Re2 Nb6
40. Nf5 Re6 41. Rf2 Rhe8 42. Bf3 Re1+ 43. Kc2 Nc4 44. Bg4 Rg1 45. Kb3 Ree1 46.
Kb4 Kb6 47. a4 Rb1 48. a5+ Nxa5 49. Ne3 Nc6+ 50. Kc3 Rxg3 51. Kc2 Rh1 52. Nd5+
Ka5 53. Rd2 b4 54. b3 Ra1 55. Kb2 Rag1 56. Nf4 Rf1 57. Ne2 Rg2 58. d5 Ne5 59.
d6 f5 60. Bh5 Nd7 61. Kc2 f4 62. Bg4 f3 63. Nd4 f2 64. Bxd7 Rc1+ 65. Kxc1 f1=Q+
66. Rd1 Qf4+ 67. Kb1 Qf2 0-1

[Event "AUT_chT"]
[Site "2005/2006"]
[Date "2006.03.23"]
[Round "8"]
[White "Shchekachev, Andrei"]
[Black "Buhmann, Rainer"]
[Result "1-0"]
[WhiteElo "2570"]
[BlackElo "2546"]
[PlyCount "109"]
[EventDate "2005.10.??"]
[EventType "team"]
[EventRounds "11"]
[EventCountry "AUT"]
[WhiteTeam "Sparkasse Schwarzach"]
[BlackTeam "Maria Saal"]
[WhiteTeamCountry "AUT"]
[BlackTeamCountry "AUT"]

1. Nf3 d5 2. d4 Nf6 3. c4 c6 4. Nc3 a6 5. Qb3 e6 6. Bg5 Be7 7. e3 O-O 8. Qc2 h6
9. Bf4 Nbd7 10. Rd1 Qa5 11. a3 Ne4 12. Bd3 Ndf6 13. c5 b6 14. Bc7 Bd8 15. Ra1
Nxc3 16. Bxd8 Rxd8 17. b4 Qa4 18. Qxc3 Ne4 19. Qc2 Qxc2 20. Bxc2 a5 21. Bxe4
dxe4 22. Ne5 axb4 23. Nxc6 Rd7 24. Nxb4 bxc5 25. dxc5 Rda7 26. Kd2 Rxa3 27.
Rxa3 Rxa3 28. Rb1 e5 29. Nc6 Ra2+ 30. Kc3 Be6 31. Rb8+ Kh7 32. Rb2 Ra4 33. Nxe5
f6 34. Rb6 Bd5 35. Rd6 Bg8 36. Nd7 Ra3+ 37. Kb4 Rb3+ 38. Ka5 Ra3+ 39. Kb6 Rb3+
40. Ka7 Rd3 41. Kb7 Bc4 42. Nb6 Bb5 43. Rxd3 exd3 44. Nd5 d2 45. Nc3 Bf1 46. g3
Kg6 47. c6 Bg2 48. Kb6 Bh3 49. c7 Bc8 50. Ka7 Kf5 51. Kb8 Be6 52. h3 g5 53.
c8=Q Bxc8 54. Kxc8 g4 55. h4 1-0

[Event "AUT_chT"]
[Site "2005/2006"]
[Date "2006.03.23"]
[Round "8"]
[White "Bunzmann, Dimitrij"]
[Black "Zelcic, Robert"]
[Result "1/2-1/2"]
[WhiteElo "2537"]
[BlackElo "2514"]
[PlyCount "50"]
[EventDate "2005.10.??"]
[EventType "team"]
[EventRounds "11"]
[EventCountry "AUT"]
[WhiteTeam "Maria Saal"]
[BlackTeam "Sparkasse Schwarzach"]
[WhiteTeamCountry "AUT"]
[BlackTeamCountry "AUT"]

1. c4 e5 2. Nc3 Nf6 3. Nf3 Nc6 4. e3 Bb4 5. Nd5 Bd6 6. d4 exd4 7. Nxd4 Nxd5 8.
cxd5 Nxd4 9. Qxd4 O-O 10. Bd3 Re8 11. O-O Be5 12. Qc4 d6 13. Qc2 h6 14. Bd2 c6
15. dxc6 bxc6 16. Qxc6 Rb8 17. Bc3 Bb7 18. Qa4 Bxg2 19. Kxg2 Qg5+ 20. Kf3 Bxc3
21. bxc3 Qd5+ 22. Be4 Qh5+ 23. Kg3 Qg5+ 24. Kh3 Qh5+ 25. Kg3 Qg5+ 1/2-1/2

[Event "AUT_chT"]
[Site "2005/2006"]
[Date "2006.03.23"]
[Round "8"]
[White "Klinger, Josef"]
[Black "Ragger, Markus"]
[Result "0-1"]
[WhiteElo "2440"]
[BlackElo "2451"]
[PlyCount "42"]
[EventDate "2005.10.??"]
[EventType "team"]
[EventRounds "11"]
[EventCountry "AUT"]
[WhiteTeam "Sparkasse Schwarzach"]
[BlackTeam "Maria Saal"]
[WhiteTeamCountry "AUT"]
[BlackTeamCountry "AUT"]

1. d4 Nf6 2. c3 d5 3. Bg5 Ne4 4. Bh4 g5 5. Bg3 h5 6. f3 Nxg3 7. hxg3 Qd6 8. Kf2
h4 9. gxh4 Rxh4 10. Nh3 g4 11. fxg4 Bh6 12. e3 Bxg4 13. Qe1 Nd7 14. Nd2 O-O-O
15. g3 Rg8 16. gxh4 Qf6+ 17. Kg3 Bf3+ 18. Ng5 Bxg5 19. hxg5 Rxg5+ 20. Kh3 Qf5+
21. Kh2 Qh7+ 0-1

[Event "AUT_chT"]
[Site "2005/2006"]
[Date "2006.03.23"]
[Round "8"]
[White "Hoelzl, Franz"]
[Black "Lendwai, Reinhard"]
[Result "0-1"]
[WhiteElo "2364"]
[BlackElo "2427"]
[PlyCount "74"]
[EventDate "2005.10.??"]
[EventType "team"]
[EventRounds "11"]
[EventCountry "AUT"]
[WhiteTeam "Maria Saal"]
[BlackTeam "Sparkasse Schwarzach"]
[WhiteTeamCountry "AUT"]
[BlackTeamCountry "AUT"]

1. Nf3 Nf6 2. c4 c5 3. Nc3 Nc6 4. e4 e5 5. d3 d6 6. g3 g6 7. Bg2 Bg7 8. O-O O-O
9. Nd5 Nxd5 10. cxd5 Ne7 11. b4 cxb4 12. a3 Nxd5 13. exd5 e4 14. Bg5 f6 15. Be3
exf3 16. Bxf3 Bh3 17. Re1 bxa3 18. Rxa3 a6 19. Qb1 Rf7 20. Bb6 Qd7 21. Rb3 f5
22. Be3 h6 23. Rb6 g5 24. Qb4 f4 25. Rxd6 Bf8 26. Rxd7 Bxb4 27. Rxf7 Bxe1 28.
Rxb7 fxe3 29. fxe3 Rf8 30. Bg2 Bf2+ 31. Kh1 Bxg2+ 32. Kxg2 Bxe3 33. Re7 Bd4 34.
d6 Rd8 35. Re6 Kg7 36. Kf3 Bc5 37. d7 a5 0-1

[Event "AUT_chT"]
[Site "2005/2006"]
[Date "2006.03.24"]
[Round "9"]
[White "Tkachiev, Vladislav"]
[Black "Ruck, Robert"]
[Result "1/2-1/2"]
[WhiteElo "2642"]
[BlackElo "2540"]
[PlyCount "110"]
[EventDate "2005.10.??"]
[EventType "team"]
[EventRounds "11"]
[EventCountry "AUT"]
[WhiteTeam "Sparkasse Schwarzach"]
[BlackTeam "Styria Graz - Kl.Zeitung"]
[WhiteTeamCountry "AUT"]
[BlackTeamCountry "AUT"]

1. Nf3 Nf6 2. c4 c5 3. d4 cxd4 4. Nxd4 e6 5. g3 Qb6 6. Bg2 Bc5 7. e3 Nc6 8. Nf3
Qa6 9. b3 d5 10. O-O dxc4 11. Bb2 cxb3 12. axb3 Qb6 13. Nc3 Be7 14. Nd2 O-O 15.
Nc4 Qd8 16. Qe2 Nd5 17. Rfd1 Nxc3 18. Bxc3 Qc7 19. Qb2 f6 20. b4 Nd8 21. Qb3
Bd7 22. Nb6 Qxb6 23. Rxd7 Rf7 24. Rdd1 a6 25. Qa4 Rc8 26. Rd3 Bf8 27. Rad1 Nc6
28. Qb3 Nxb4 29. Rd7 Rxd7 30. Rxd7 a5 31. Bxb7 a4 32. Qb2 Rc7 33. Rxc7 Qxc7 34.
Be4 Nd5 35. Bd4 Qc4 36. Qb1 f5 37. Bd3 Qc6 38. Qb8 a3 39. Qb3 Qc1+ 40. Kg2 Qc6
41. Kg1 Qa8 42. Bc4 Kf7 43. h3 Be7 44. Kh2 Bf6 45. Bc5 Be7 46. Bd4 Qa5 47. Qb7
a2 48. Qb2 Nb4 49. Bxg7 Qc5 50. Bxa2 Nxa2 51. Qxa2 Kxg7 52. Qxe6 Bf6 53. Qd7+
Kg6 54. Qe8+ Kh6 55. Qe6 Qe5 1/2-1/2

[Event "AUT_chT"]
[Site "2005/2006"]
[Date "2006.03.24"]
[Round "9"]
[White "Markus, Robert"]
[Black "Shchekachev, Andrei"]
[Result "1-0"]
[WhiteElo "2595"]
[BlackElo "2570"]
[PlyCount "79"]
[EventDate "2005.10.??"]
[EventType "team"]
[EventRounds "11"]
[EventCountry "AUT"]
[WhiteTeam "Styria Graz - Kl.Zeitung"]
[BlackTeam "Sparkasse Schwarzach"]
[WhiteTeamCountry "AUT"]
[BlackTeamCountry "AUT"]

1. d4 Nf6 2. c4 e6 3. Nf3 b6 4. g3 Ba6 5. b3 Bb4+ 6. Bd2 Be7 7. Bg2 d5 8. cxd5
Nxd5 9. Nc3 Nd7 10. O-O O-O 11. Nxd5 exd5 12. Rc1 Re8 13. Rc2 Bd6 14. Bf4 Nf6
15. Bxd6 Qxd6 16. Re1 Bb7 17. Qc1 c6 18. Qf4 Qb4 19. Rec1 a5 20. Ne5 a4 21. Bf3
axb3 22. axb3 Qxb3 23. Nxc6 Ra1 24. Rxa1 Qxc2 25. Rc1 Qa2 26. Ne5 Rf8 27. Rc7
Ba6 28. Ra7 Qb1+ 29. Kg2 Bc4 30. g4 h6 31. h4 Qh7 32. g5 hxg5 33. hxg5 Nh5 34.
Qh4 Nf6 35. Kg3 Qxh4+ 36. Kxh4 Nh7 37. Bg4 b5 38. g6 Nf6 39. gxf7+ Kh7 40. Bf5+
1-0

[Event "AUT_chT"]
[Site "2005/2006"]
[Date "2006.03.24"]
[Round "9"]
[White "Wittmann, Walter"]
[Black "Danner, Georg"]
[Result "1/2-1/2"]
[WhiteElo "2372"]
[BlackElo "2402"]
[PlyCount "31"]
[EventDate "2005.10.??"]
[EventType "team"]
[EventRounds "11"]
[EventCountry "AUT"]
[WhiteTeam "Styria Graz - Kl.Zeitung"]
[BlackTeam "Sparkasse Schwarzach"]
[WhiteTeamCountry "AUT"]
[BlackTeamCountry "AUT"]

1. e4 c5 2. Nf3 d6 3. d4 cxd4 4. Nxd4 Nf6 5. Nc3 Nc6 6. Bc4 Qb6 7. Nxc6 bxc6 8.
O-O e6 9. Qe2 Be7 10. e5 dxe5 11. Qxe5 Ba6 12. Na4 Qb7 13. Nc5 Bxc5 14. Qxc5
Qb6 15. Qxb6 axb6 16. Bxa6 1/2-1/2

[Event "AUT_chT"]
[Site "2005/2006"]
[Date "2006.03.24"]
[Round "9"]
[White "Buhmann, Rainer"]
[Black "Baklan, Vladimir"]
[Result "0-1"]
[WhiteElo "2546"]
[BlackElo "2601"]
[PlyCount "128"]
[EventDate "2005.10.??"]
[EventType "team"]
[EventRounds "11"]
[EventCountry "AUT"]
[WhiteTeam "Maria Saal"]
[BlackTeam "Holz Dohr - Semriach"]
[WhiteTeamCountry "AUT"]
[BlackTeamCountry "AUT"]

1. Nf3 Nf6 2. c4 e6 3. g3 a6 4. Bg2 b5 5. b3 c5 6. Nc3 Qb6 7. O-O Bb7 8. e3 Be7
9. Qe2 Ne4 10. Nxe4 Bxe4 11. d3 Bb7 12. Bb2 O-O 13. Rfd1 d6 14. d4 Re8 15. dxc5
dxc5 16. h4 Ra7 17. Rd2 Bc6 18. Rad1 Rd7 19. Ne5 Rxd2 20. Rxd2 Bxg2 21. Kxg2 f6
22. Nf3 Qc6 23. Qd3 Rc8 24. e4 Rc7 25. h5 Rd7 26. Qe2 b4 27. Rd3 a5 28. g4 a4
29. g5 Rxd3 30. Qxd3 axb3 31. axb3 Qd7 32. Qxd7 Nxd7 33. gxf6 gxf6 34. Ne1 Nb8
35. Nf3 Nc6 36. Kg3 Bd6+ 37. Kg4 Kf7 38. Ba1 Bf8 39. Bb2 Na5 40. e5 f5+ 41. Kg3
Bh6 42. Ne1 Nxb3 43. Nd3 Bd2 44. Kf3 Na5 45. Nxc5 Nxc4 46. Bd4 Bc3 47. Bxc3
bxc3 48. Ke2 c2 49. Nb3 Nxe5 50. Kd2 Ng4 51. f3 Nf6 52. Kxc2 Nxh5 53. Kd2 Nf4
54. Ke3 e5 55. Nd2 Kf6 56. Kf2 h5 57. Nc4 h4 58. Nd6 Nd3+ 59. Kg2 Kg5 60. Ne8
Ne1+ 61. Kf2 h3 62. Kg3 Nxf3 63. Kxf3 e4+ 64. Kg3 e3 0-1

[Event "AUT_chT"]
[Site "2005/2006"]
[Date "2006.03.24"]
[Round "9"]
[White "Kindermann, Stefan"]
[Black "Bunzmann, Dimitrij"]
[Result "1/2-1/2"]
[WhiteElo "2535"]
[BlackElo "2537"]
[PlyCount "33"]
[EventDate "2005.10.??"]
[EventType "team"]
[EventRounds "11"]
[EventCountry "AUT"]
[WhiteTeam "Holz Dohr - Semriach"]
[BlackTeam "Maria Saal"]
[WhiteTeamCountry "AUT"]
[BlackTeamCountry "AUT"]

1. e4 e6 2. d4 d5 3. Nd2 Nf6 4. e5 Nfd7 5. Bd3 c5 6. c3 Nc6 7. Ne2 a5 8. Nf3 a4
9. a3 Nb6 10. Be3 Nc4 11. Bxc4 dxc4 12. dxc5 Qxd1+ 13. Rxd1 Ra5 14. Ng3 Bxc5
15. Bxc5 Rxc5 16. Ne4 Ra5 17. Nd6+ 1/2-1/2